| 000 | 00395nam a2200157Ia 4500 | ||
|---|---|---|---|
| 005 | 20250529025042.0 | ||
| 008 | 240331s9999 xx 000 0 und d | ||
| 082 |
_bJAY _a322 |
||
| 100 | _aJayawardane, K | ||
| 245 | 0 | _aIstreewadaya saha jathikawadaya | |
| 260 |
_aColombo _bSocial Scientists Association _c1994 |
||
| 300 | _a257 p., | ||
| 650 | _aFeminism | ||
| 650 | _anationalism | ||
| 942 | _cL | ||
| 999 |
_c2377 _d2377 |
||